|
|
|
|
| LEADER |
00000nam0a2200000 4500 |
| 001 |
139720 |
| 005 |
20231101220819.0 |
| 020 |
|
|
|a RU
|b 87-38654
|
| 035 |
|
|
|a (RuTPU)RU\TPU\book\151355
|
| 090 |
|
|
|a 139720
|
| 100 |
|
|
|a 20080610d1987 m y0rusy5003 ca
|
| 101 |
0 |
|
|a rus
|
| 102 |
|
|
|a BY
|
| 105 |
|
|
|a y z 000ay
|
| 200 |
1 |
|
|a Звезда. Весна на Одере
|e Повесть; Роман
|f Э. Г. Казакевич
|g авт. предисл. А. Бочаров
|
| 210 |
|
|
|a Минск
|c Вышэйшая школа
|d 1987
|
| 215 |
|
|
|a 412,[2] с.
|d 23 см
|
| 225 |
1 |
|
|a Военно-патриотическая библиотека
|
| 610 |
1 |
|
|a советская литература
|
| 610 |
1 |
|
|a повести
|
| 610 |
1 |
|
|a романы
|
| 610 |
1 |
|
|a Великая Отечественная война 1941-1945
|
| 675 |
|
|
|a Р2
|z rus
|
| 700 |
|
1 |
|a Казакевич
|b Э. Г.
|c русский писатель
|f 1913-1962
|g Эммануил Генрихович
|2 stltpush
|3 (RuTPU)RU\TPU\pers\14228
|9 4684
|
| 702 |
|
1 |
|a Бочаров
|b А.
|4 080
|
| 801 |
|
0 |
|a RU
|b RuMRKP
|c 19950417
|g psbo
|
| 801 |
|
1 |
|a RU
|b 63413507
|c 20080610
|g PSBO
|
| 801 |
|
2 |
|a RU
|b 63413507
|c 20080610
|g PSBO
|
| 942 |
|
|
|c BK
|